Países que no contiene la letra "A" - Estadísticas

Estadísticas generales
  • Esta prueba ha sido intentada 868 veces
  • La puntuación promedio es 16 de 22
Estadísticas de respuestas
País % Correcto
Chile
91%
México
85%
Perú
83%
Yemen
80%
Togo
79%
Belice
77%
Fiyi
76%
Chipre
74%
Kosovo
74%
Benin
73%
Egipto
72%
Lesoto
71%
Reino Unido
69%
Túnez
69%
Luxemburgo
68%
Liechtenstein
67%
Yibuti
67%
Brunéi
65%
Burundi
64%
Niger
58%
Seychelles
58%
Montenegro
53%
No se encontraron pruebas coincidentes
Distribución de puntuación
Porcentaje de gente con cada puntuación
Porcentaje por número respondido
Historial de tus puntuaciones
No has intentado esta prueba.